| 000 | | | 05379nac2a22003613x 450 |
| 001 | | | c0cf315e-ac79-4806-8e1a-3f404290569c |
| 005 | | | 20240819200529.0 |
| 100 | ## | $a | 20240716l1884 k y0rusy50 ca |
| 101 | 0# | $a | rus |
| 102 | ## | $a | RU |
| 105 | ## | $a | y z ||||| |
| 122 | 0# | $a | d18840702 |
| 200 | 1# | $a | Уведомление от Министерства внутренних дел Лорис-Меликову М. Т. о присвоении ему звания почетного гражданина г. Астрахани |
| | $j | 02.07.1884 |
| 215 | ## | $a | 1 лист |
| | $d | 34,1 х 24,3 |
| 251 | ## | $c | Дело |
| 300 | ## | $a | Заголовок дела на папке: Уведомление Министерства внутренних дел М. Т. Лорис-Меликову о присвоении ему звания почетного гражданина г. Астрахани |
| 300 | ## | $a | На папке дела: 1884 г. |
| 300 | ## | $a | Рукописный и типографский текст |
| 325 | ## | $a | Замикрофильмировано |
| 330 | ## | $a | Входит в раздел описи: Хозяйственные и другие материалы, не относящиеся к служебной деятельности Лорис-Меликова |
| 461 | #0 | $1 | 001cda3d175-ae4a-411a-8dea-9cc20fb178f6 |
| | $1 | 2001 |
| | $a | Лорис-Меликов Михаил Тариелович, граф, министр внутренних дел, главный начальник "верховной распорядительной комиссии по охранению государственного порядка и общественного спокойствия", генерал от кавалерии |
| | $1 | 251 |
| | $c | Фонд |
| | $1 | 852 |
| | $j | 569 |
| 462 | #0 | $1 | 001163e060a-d7cc-404d-90ee-e28c9801971b |
| | $1 | 2001 |
| | $a | Опись дел фонда М. Т. Лорис-Меликова за 1858-1915 гг. |
| | $v | Д. 130 |
| | $1 | 251 |
| | $c | Опись |
| | $1 | 852 |
| | $j | 1 |
| 517 | 1# | $a | Уведомление Министерства внутренних дел М. Т. Лорис-Меликову о присвоении ему звания почетного гражданина г. Астрахани |
| 600 | #1 | $a | Лорис-Меликов |
| | $b | М. Т. |
| | $g | Михаил Тариелович |
| 601 | 01 | $3 | RU\NLR\AUTH\8810033038 |
| | $a | Россия |
| | $b | Министерство внутренних дел |
| 605 | ## | $3 | DITM\AF\0000002775 |
| | $a | Власть |
| | $l | коллекция |
| | $2 | acquisition_prlib |
| 607 | ## | $a | Астрахань, город |
| 610 | 1# | $a | Почетный гражданин |
| 686 | ## | $a | 63.3(2)535-332ю1 |
| | $c | История |
| | $2 | rubbk |
| 686 | ## | $a | 67.400.6ю1 |
| | $c | Право |
| | $2 | rubbk |
| 801 | #0 | $a | RU |
| | $b | GA_RF |
| 801 | #1 | $a | RU |
| | $b | ГлавНИВЦ |
| | $c | 20240716 |
| | $2 | rusmarc |
| 801 | #2 | $a | RU |
| | $b | ПБ им. Б.Н. Ельцина |
| | $c | 20240819 |
| | $g | RCR |
| | $2 | rusmarc |
| 852 | ## | $a | ГА РФ |
| | $j | 130 |
| 937 | ## | $d | 193624204 |
| | $h | ГАРФ |
| 035 | ## | $a | RuPRLIB51076489 |
| 856 | ## | $u | http://readingroom.main.prlib.ru/item.aspx?id_node=n193624204&mode=full |